[Event "Asian Nations Cup 2016"]
[Site "Abu Dhabi UAE"]
[Date "2016.03.29"]
[Round "2.3"]
[White "Vidit, Santosh Gujrathi"]
[Black "Munkhgal, Gombosuren"]
[Result "1/2-1/2"]
[WhiteTitle "GM"]
[BlackTitle "IM"]
[WhiteElo "2648"]
[BlackElo "2419"]
[WhiteTeam "India"]
[BlackTeam "Mongolia"]
[WhiteFideId "5029465"]
[BlackFideId "4901266"]
[EventDate "2016.03.28"]
[EventType "team"]

1. d4 Nf6 2. c4 e6 3. Nf3 d5 4. Nc3 Bb4 5. Bg5 h6 6. Bxf6 Qxf6 7. Qb3 c5 8. cxd5
exd5 9. a3 Bxc3+ 10. Qxc3 c4 11. b3 b5 12. a4 b4 13. Qxb4 Nc6 14. Qc3 Bg4 15.
bxc4 Bxf3 16. gxf3 dxc4 17. e3 O-O 18. Bxc4 Qxf3 19. Rg1 Qf6 20. Rc1 Rad8 21.
Rg4 Ne7 22. Ke2 Rc8 23. Rcg1 g6 24. Qd3 Kg7 25. Rf4 Qd6 26. d5 f5 27. Qd4+ Kh7
28. Rh4 f4 29. Rxf4 Rxf4 30. exf4 Qb4 31. Rc1 Nf5 32. Qxa7+ Kh8 33. Qa6 Nd6 34.
Kd3 Rf8 35. Qa7 Rxf4 36. Qe3 g5 37. Ba2 Qa3+ 38. Rc3 Qxa2 39. Qe5+ Kh7 40. Rc7+
Nf7 41. Qxf4 Qb1+ 42. Ke2 gxf4 43. Rxf7+ Kg6 44. Rxf4 Qc2+ 45. Kf3 Qd1+ 46. Ke3
Qc1+ 47. Kf3 Qh1+ 48. Ke2 Qxh2 49. Rd4 Kf7 50. d6 Ke8 51. d7+ Kd8 52. Rd3 h5 53.
a5 Qe5+ 54. Re3 Qxa5 55. Kf1 Qg5 56. Rg3 Qf4 57. Kg2 Kxd7 58. Rd3+ Ke6 59. Re3+
Kd5 60. Rd3+ Ke4 61. Re3+ Kd4 62. Rg3 h4 63. Re3 Qg4+ 64. Kh2 Kd5 65. Rd3+ Ke5
66. Re3+ Kf5 67. Rh3 Qc4 68. Kg2 Qe4+ 69. Kh2 Kg5 70. Kg1 Qf5 71. Kg2 Kg4 72.
Re3 Qh7 73. Kh2 Qc7+ 74. Kg2 Qc1 75. Re4+ Kf5 76. Re3 Kf4 77. Rf3+ Kg4 78. Re3
Qb1 79. Rh3 Qh7 80. Kh2 Qf7 81. Kg2 Qf4 82. Re3 Kg5 83. Rh3 Qg4+ 84. Kh2 Kf4 85.
Re3 Qd1 86. Kg2 Qd5+ 87. Kh2 Kg4 88. Rh3 Qb5 89. Kg2 Qh5 90. Kh2 Qh6 91. Kg2 Qh5
92. Kh2 Kf4 93. Kg2 Qd5+ 94. Kh2 Qd1 95. Kg2 Kg4 96. Re3 h3+ 97. Rxh3 Qd5+ 98.
Kh2 Kf4 99. Rg3 Qc6 100. Kg1 Qe4 101. Re3 Qh7 102. Kg2 Qh5 103. Rg3 Qd5+ 104.
Kg1 Ke5 1/2-1/2

[Event "Asian Nations Cup 2016"]
[Site "Abu Dhabi UAE"]
[Date "2016.03.29"]
[Round "2.4"]
[White "Bilguun, Sumiya"]
[Black "Sasikiran, Krishnan"]
[Result "1/2-1/2"]
[WhiteTitle "FM"]
[BlackTitle "GM"]
[WhiteElo "2363"]
[BlackElo "2637"]
[WhiteTeam "Mongolia"]
[BlackTeam "India"]
[WhiteFideId "4901541"]
[BlackFideId "5004985"]
[EventDate "2016.03.28"]
[EventType "team"]

1. e4 c5 2. Nf3 d6 3. d4 cxd4 4. Nxd4 Nf6 5. Nc3 a6 6. Bg5 Nbd7 7. f4 Qc7 8. Qf3
b5 9. Bxf6 Nxf6 10. e5 Bb7 11. Qe3 dxe5 12. fxe5 Nd5 13. Nxd5 Bxd5 14. e6 fxe6
15. Nxe6 Qc6 16. Nf4 e6 17. Nxd5 Qxd5 18. Rd1 Bc5 19. Rxd5 Bxe3 20. Re5 Bd4 21.
Rxe6+ Kf7 22. Re4 Bxb2 23. Bd3 Rhe8 24. O-O+ Kg8 25. g3 Rxe4 26. Bxe4 Rd8 27.
Bd3 g6 28. Rf4 Kg7 29. Kg2 Bd4 30. h4 1/2-1/2

[Event "Asian Nations Cup 2016"]
[Site "Abu Dhabi UAE"]
[Date "2016.03.29"]
[Round "2.1"]
[White "Dzhumaev, Marat"]
[Black "Jumabayev, Rinat"]
[Result "0-1"]
[WhiteTitle "GM"]
[BlackTitle "GM"]
[WhiteElo "2481"]
[BlackElo "2607"]
[WhiteTeam "Uzbekistan"]
[BlackTeam "Kazakhstan"]
[WhiteFideId "14200236"]
[BlackFideId "13702661"]
[EventDate "2016.03.28"]
[EventType "team"]

1. Nf3 d5 2. c4 c6 3. e3 Nf6 4. b3 Bf5 5. Bb2 e6 6. Be2 h6 7. O-O Nbd7 8. d3 Be7
9. Nbd2 O-O 10. Qc2 Bh7 11. a3 a5 12. Rfd1 Qb8 13. Rac1 Re8 14. h3 Bd6 15. Qb1
e5 16. cxd5 cxd5 17. Qa1 Qd8 18. d4 e4 19. Ne5 Qe7 20. Bb5 Red8 21. Nb1 Bf5 22.
Kf1 Nb6 23. Be2 Nh7 24. Nc3 f6 25. Nc4 dxc4 26. bxc4 Bc7 27. d5 Bd6 28. Nb5 Na4
29. Bd4 b6 30. Qa2 Nc5 31. Rb1 Ng5 32. Rb2 Bd7 33. Nc3 Rdb8 34. Rdb1 Ra6 35.
Bxc5 Bxc5 36. Rd1 Qe5 37. Nb5 Qh2 38. Ke1 Qxg2 0-1

[Event "Asian Nations Cup 2016"]
[Site "Abu Dhabi UAE"]
[Date "2016.03.29"]
[Round "2.2"]
[White "Kazhgaleyev, Murtas"]
[Black "Barsov, Alexei"]
[Result "1/2-1/2"]
[WhiteTitle "GM"]
[BlackTitle "GM"]
[WhiteElo "2570"]
[BlackElo "2460"]
[WhiteTeam "Kazakhstan"]
[BlackTeam "Uzbekistan"]
[WhiteFideId "13700316"]
[BlackFideId "14200082"]
[EventDate "2016.03.28"]
[EventType "team"]

1. d4 d5 2. c4 e6 3. Nf3 Nf6 4. Nc3 Be7 5. Bf4 O-O 6. e3 c5 7. dxc5 Bxc5 8. a3
Nc6 9. Qc2 Qa5 10. Rd1 Be7 11. Be2 dxc4 12. Bxc4 Nh5 13. O-O Nxf4 14. exf4 g6
15. Ba2 Rd8 16. Rxd8+ Qxd8 17. Rd1 Bd7 18. h4 Qe8 19. h5 Rd8 20. Ne4 Bc8 21.
Rxd8 Qxd8 22. hxg6 hxg6 23. Qc3 Qa5 24. Qxa5 Nxa5 25. Ne5 Nc6 26. f3 Nxe5 27.
fxe5 Kf8 28. Kf2 Bd7 29. Ke3 Bc6 30. g3 Bxe4 31. Kxe4 a5 32. f4 Bc5 33. g4 b6
34. Bc4 Ke7 1/2-1/2

[Event "Asian Nations Cup 2016"]
[Site "Abu Dhabi UAE"]
[Date "2016.03.29"]
[Round "2.3"]
[White "Fayzullaev, Akmal"]
[Black "Khusnutdinov, Rustam"]
[Result "1-0"]
[WhiteTitle "FM"]
[BlackTitle "GM"]
[WhiteElo "2405"]
[BlackElo "2496"]
[WhiteTeam "Uzbekistan"]
[BlackTeam "Kazakhstan"]
[WhiteFideId "14200554"]
[BlackFideId "13701703"]
[EventDate "2016.03.28"]
[EventType "team"]

1. d4 Nf6 2. Nf3 g6 3. Bf4 Bg7 4. e3 O-O 5. c3 d6 6. Be2 c5 7. O-O b6 8. a4 a6
9. h3 Bb7 10. Nbd2 Nbd7 11. Bh2 Rc8 12. Bd3 Rc7 13. Qe2 Qa8 14. e4 cxd4 15. cxd4
Rcc8 16. Rfe1 Ne8 17. Rac1 Nc7 18. Qe3 Ne6 19. Rcd1 Rfd8 20. Nb1 d5 21. e5 Nb8
22. Nc3 Nc6 23. Bb1 Rd7 24. Bg3 Re8 25. h4 h5 26. Ng5 Nxg5 27. hxg5 e6 28. Bf4
Qd8 29. Qh3 Qe7 30. Na2 Rc8 31. g4 hxg4 32. Qxg4 Nb4 33. Nc3 Rc4 34. Bc1 Nc6 35.
Ba2 Rb4 36. Qf4 Na5 37. Rd3 Rc7 38. Red1 Nb3 39. Bxb3 Rxb3 40. Rh3 Rb4 41. Kg2
Rcc4 42. Qf6 Qxf6 43. gxf6 Rxd4 44. Rxd4 Rxd4 45. fxg7 Kxg7 46. Bh6+ Kg8 47. Kf1
g5 48. Bxg5 Kg7 49. Bf6+ Kg6 50. Rg3+ Kf5 51. Rg5+ 1-0

[Event "Asian Nations Cup 2016"]
[Site "Abu Dhabi UAE"]
[Date "2016.03.29"]
[Round "2.4"]
[White "Kostenko, Petr"]
[Black "Khoroshev, Nikita"]
[Result "1/2-1/2"]
[WhiteTitle "GM"]
[BlackTitle "FM"]
[WhiteElo "2450"]
[BlackElo "2337"]
[WhiteTeam "Kazakhstan"]
[BlackTeam "Uzbekistan"]
[WhiteFideId "13700669"]
[BlackFideId "14200287"]
[EventDate "2016.03.28"]
[EventType "team"]

1. c4 Nf6 2. g3 d5 3. cxd5 Qxd5 4. Nf3 Nc6 5. Nc3 Qh5 6. d4 Bg4 7. Bg2 O-O-O 8.
h3 Bxf3 9. Bxf3 Qa5 10. e3 e5 11. Bxc6 bxc6 12. Qf3 exd4 13. exd4 Re8+ 14. Kf1
Re6 15. Kg2 Bb4 16. Ne2 Nd5 17. Nf4 Nxf4+ 18. Bxf4 Rd8 19. Be3 Qd5 20. Rhc1 Be7
21. Qxd5 cxd5 22. Rc3 Bb4 23. Rc2 Ba5 24. Rac1 Rd7 25. Rd1 Bb6 26. b4 a6 27. a4
Kb7 28. Kf3 Rdd6 29. g4 Rc6 30. Rdc1 Rxc2 31. Rxc2 Rc6 32. Rxc6 Kxc6 33. Kg3 Kd7
34. f4 c6 35. f5 Bd8 36. g5 Be7 37. Bd2 g6 38. Kg4 Bd6 39. h4 Be7 40. h5 Bd6 41.
Be1 Be7 42. Bd2 Bd6 43. Be1 Be7 44. Bd2 1/2-1/2

[Event "Asian Nations Cup 2016"]
[Site "Abu Dhabi UAE"]
[Date "2016.03.29"]
[Round "2.1"]
[White "Ghaem Maghami, Ehsan"]
[Black "Salem, A.R. Saleh"]
[Result "1/2-1/2"]
[WhiteTitle "GM"]
[BlackTitle "GM"]
[WhiteElo "2549"]
[BlackElo "2615"]
[WhiteTeam "Iran"]
[BlackTeam "UAE - 1"]
[WhiteFideId "12500739"]
[BlackFideId "9301348"]
[EventDate "2016.03.28"]
[EventType "team"]

1. e4 e6 2. d4 d5 3. exd5 exd5 4. Nf3 Nf6 5. Bg5 Be7 6. Bd3 O-O 7. O-O h6 8. Bh4
Nc6 9. c3 Nh5 10. Bxe7 Qxe7 11. Re1 Qf6 12. g3 Bg4 13. Nbd2 Rae8 14. Rxe8 Rxe8
15. Bf1 Qd6 16. Qc2 Nf6 17. Re1 Rxe1 18. Nxe1 Qe6 19. Ng2 Ne7 20. Ne3 Bh5 21.
Bd3 Ng4 22. Ndf1 Nf6 23. Nd2 Ng4 24. Ndf1 Nf6 25. Nd2 Ng4 1/2-1/2

[Event "Asian Nations Cup 2016"]
[Site "Abu Dhabi UAE"]
[Date "2016.03.29"]
[Round "2.2"]
[White "Omar, Noaman"]
[Black "Darini, Pouria"]
[Result "0-1"]
[WhiteTitle "IM"]
[BlackTitle "GM"]
[WhiteElo "2383"]
[BlackElo "2496"]
[WhiteTeam "UAE - 1"]
[BlackTeam "Iran"]
[WhiteFideId "9300244"]
[BlackFideId "12502200"]
[EventDate "2016.03.28"]
[EventType "team"]

1. d4 Nf6 2. c4 g6 3. Nc3 d5 4. Nf3 Bg7 5. cxd5 Nxd5 6. e4 Nxc3 7. bxc3 c5 8.
Rb1 O-O 9. Be2 Nc6 10. d5 Ne5 11. Nxe5 Bxe5 12. Qd2 e6 13. f4 Bg7 14. c4 Re8 15.
dxe6 Bxe6 16. Rxb7 Bxc4 17. Qxd8 Raxd8 18. e5 Bxa2 19. Rxa7 Bb3 20. Rc7 f6 21.
Bb2 fxe5 22. Rf1 c4 23. f5 Rc8 24. Rxc8 Rxc8 25. f6 c3 26. Bc1 Bf8 27. Bg4 Ra8
28. Kf2 Kf7 29. Bf3 Bc5+ 30. Kg3 Ra1 31. Be4 Be3 32. Rf3 Bxc1 33. Rxc3 Bf4+ 34.
Kf3 Bd1+ 0-1

[Event "Asian Nations Cup 2016"]
[Site "Abu Dhabi UAE"]
[Date "2016.03.29"]
[Round "2.3"]
[White "Maghsoodloo, Parham"]
[Black "Saeed, Ishaq"]
[Result "1-0"]
[BlackTitle "FM"]
[WhiteElo "2489"]
[BlackElo "2286"]
[WhiteTeam "Iran"]
[BlackTeam "UAE - 1"]
[WhiteFideId "12539929"]
[BlackFideId "9301453"]
[EventDate "2016.03.28"]
[EventType "team"]

1. Nf3 d5 2. g3 c6 3. b3 Bg4 4. Ne5 Bf5 5. Bg2 f6 6. Nf3 e5 7. d3 Na6 8. Nbd2
Nh6 9. e4 dxe4 10. dxe4 Be6 11. O-O Bc5 12. a3 b5 13. Qe2 O-O 14. b4 Be7 15. Rd1
Qc8 16. c4 Nc7 17. cxb5 cxb5 18. Rb1 a5 19. bxa5 Nf7 20. Nb3 Nd6 21. Bd2 Nc4 22.
Bb4 Re8 23. Ra1 Na6 24. Bxe7 Rxe7 25. a4 bxa4 26. Rxa4 Rb7 27. Bf1 Nb2 28. Qxb2
Rxb3 29. Qe2 Nc5 30. Raa1 Qc7 31. Nd2 Rb2 32. Qe3 Rxa5 33. Rxa5 Qxa5 34. Nc4
Bxc4 35. Bxc4+ Kf8 36. Rd5 Qa1+ 37. Kg2 Ne6 38. Rd7 Nd4 39. Rf7+ Ke8 40. Rxg7
Qa4 41. Bf7+ Kd8 42. Bh5 Ne6 43. Rg8+ Ke7 44. Qf3 Qd4 45. h4 f5 46. exf5 Nf4+
47. gxf4 Rxf2+ 48. Qxf2 Qd5+ 49. Kh2 Qxg8 50. Qc5+ Kd7 51. Bf7 Qb8 52. Qxe5 Qb4
53. Be6+ Kc6 54. Qd5+ Kc7 55. Qd7+ Kb6 56. Qd8+ Kc6 57. Qc8+ Kb5 58. Qb7+ Ka5
59. Qxb4+ 1-0

[Event "Asian Nations Cup 2016"]
[Site "Abu Dhabi UAE"]
[Date "2016.03.29"]
[Round "2.4"]
[White "Khouri, Ahmed Abbas"]
[Black "Mosadeghpour, Masoud"]
[Result "0-1"]
[WhiteTitle "FM"]
[BlackTitle "IM"]
[WhiteElo "2062"]
[BlackElo "2481"]
[WhiteTeam "UAE - 1"]
[BlackTeam "Iran"]
[WhiteFideId "9301518"]
[BlackFideId "12519278"]
[EventDate "2016.03.28"]
[EventType "team"]

1. e4 e5 2. Nf3 Nf6 3. Nxe5 d6 4. Nf3 Nxe4 5. Bd3 Nf6 6. O-O Be7 7. c3 O-O 8.
Bc2 Bg4 9. d4 Re8 10. Re1 Nbd7 11. Bf4 Nf8 12. h3 Bh5 13. Nbd2 Qd7 14. Nf1 Ne6
15. Bf5 Qb5 16. Bxe6 fxe6 17. g4 Bg6 18. b3 Ne4 19. c4 Qc6 20. Rc1 Rf8 21. Be3
Nxf2 22. Bxf2 Qxf3 23. Qxf3 Rxf3 24. Rxe6 Bg5 25. Be3 Bh4 26. Kg2 Raf8 27. Bg1
Bd3 28. Nd2 Rf2+ 29. Bxf2 Rxf2+ 30. Kg1 Rxd2 31. c5 Bf2+ 32. Kh1 Kf7 33. cxd6
Kxe6 34. dxc7 Be4+ 35. Kh2 Be3+ 36. Kg3 Rg2+ 37. Kh4 Kf6 38. Rf1+ Kg6 39. Rf5
Bxf5 40. gxf5+ Kh6 0-1

[Event "Asian Nations Cup 2016"]
[Site "Abu Dhabi UAE"]
[Date "2016.03.29"]
[Round "2.1"]
[White "Mohammed, Zozek Salah Mohammed"]
[Black "Nguyen, Ngoc Truong Son"]
[Result "1/2-1/2"]
[WhiteTitle "FM"]
[BlackTitle "GM"]
[WhiteElo "2256"]
[BlackElo "2649"]
[WhiteTeam "Iraq"]
[BlackTeam "Vietnam"]
[WhiteFideId "4803361"]
[BlackFideId "12401110"]
[EventDate "2016.03.28"]
[EventType "team"]

1. d4 Nf6 2. c4 e6 3. Nc3 d5 4. cxd5 exd5 5. Bg5 c6 6. e3 Bf5 7. Bd3 Bg6 8. Nge2
Nbd7 9. O-O Bd6 10. h3 O-O 11. Rb1 a6 12. f3 b5 13. Bxg6 hxg6 14. e4 b4 15. Na4
dxe4 16. fxe4 Be7 17. e5 Nd5 18. Bxe7 Qxe7 19. Qb3 Kh7 20. Nf4 Nxf4 21. Rxf4 c5
22. Nxc5 Nxc5 23. Qxb4 Rac8 24. dxc5 Rxc5 25. Re1 Rfc8 26. Rc4 a5 27. Qa3 R8c7
28. Rxc5 Rxc5 29. Qe3 Rc2 30. Re2 Rxe2 31. Qxe2 Qc5+ 32. Kh2 Qd5 33. b3 Kg8 34.
Qb2 Qc5 35. a3 Qe3 36. Kh1 Qe1+ 37. Kh2 Qe3 38. Kh1 Qe1+ 39. Kh2 1/2-1/2

[Event "Asian Nations Cup 2016"]
[Site "Abu Dhabi UAE"]
[Date "2016.03.29"]
[Round "2.2"]
[White "Nguyen, Huynh Minh Huy"]
[Black "Ismael, Namir Mohammed Ismael"]
[Result "1-0"]
[WhiteTitle "GM"]
[BlackTitle "CM"]
[WhiteElo "2455"]
[BlackElo "2169"]
[WhiteTeam "Vietnam"]
[BlackTeam "Iraq"]
[WhiteFideId "12401269"]
[BlackFideId "4800800"]
[EventDate "2016.03.28"]
[EventType "team"]

1. d4 Nf6 2. Nf3 e6 3. g3 b5 4. Bg2 Bb7 5. O-O c5 6. c3 Be7 7. Bg5 cxd4 8. Nxd4
Bxg2 9. Kxg2 Qb6 10. Qd3 a6 11. Nd2 Nc6 12. e4 h6 13. Bxf6 Bxf6 14. Nc2 O-O 15.
f4 d5 16. exd5 Rad8 17. Qe3 Qxe3 18. Nxe3 Ne7 19. d6 Rxd6 20. Ne4 Rd3 21. Ng4
Nf5 22. Rad1 Rxd1 23. Rxd1 Be7 24. Kf3 Rc8 25. Rd7 b4 26. cxb4 Bxb4 27. Ne5 f6
28. Nd3 Bf8 29. g4 Nh4+ 30. Kg3 Ng6 31. f5 exf5 32. gxf5 Ne7 33. Kf4 Nc6 34. h3
a5 35. a3 Rb8 36. Rd5 a4 37. Nc3 Ne5 38. Nxa4 Rb3 39. Ke4 g5 40. Nxe5 fxe5 41.
Rd3 Rb5 42. b4 Rb8 43. Nc5 Bg7 44. f6 Bh8 45. Kf5 1-0

[Event "Asian Nations Cup 2016"]
[Site "Abu Dhabi UAE"]
[Date "2016.03.29"]
[Round "2.3"]
[White "Salih, Akar Ali Salih"]
[Black "Dao, Thien Hai"]
[Result "0-1"]
[WhiteTitle "FM"]
[BlackTitle "GM"]
[WhiteElo "2279"]
[BlackElo "2481"]
[WhiteTeam "Iraq"]
[BlackTeam "Vietnam"]
[WhiteFideId "4800575"]
[BlackFideId "12400084"]
[EventDate "2016.03.28"]
[EventType "team"]

1. e4 c5 2. Nf3 d6 3. d4 cxd4 4. Nxd4 Nf6 5. Nc3 a6 6. Be3 e6 7. g4 b5 8. g5
Nfd7 9. Qd2 Bb7 10. f3 Nb6 11. O-O-O N8d7 12. Qf2 Rc8 13. h4 b4 14. Nb1 d5 15.
Nb3 Qc7 16. Na5 Bc5 17. Rd2 O-O 18. Nxb7 Qxb7 19. h5 dxe4 20. h6 g6 21. Bxc5
Nxc5 22. Qd4 f6 23. Qxb4 fxg5 24. Rd6 Rc6 25. Rxc6 Qxc6 26. Qc3 Qc7 27. b4 Nba4
28. Qd4 Nd3+ 29. Bxd3 exd3 30. Qxd3 Qf4+ 31. Nd2 Qxb4 32. Qd7 Qb2+ 33. Kd1 Nc3+
34. Ke1 Qc1+ 35. Kf2 Qxd2+ 36. Qxd2 Ne4+ 37. Ke2 Nxd2 38. Kxd2 Rxf3 39. Rb1 g4
40. c4 Kf7 41. c5 Rf5 42. c6 Rc5 43. Rb7+ Kf6 44. Rxh7 Rxc6 45. Ra7 Rc8 46. Ke3
Rh8 47. Kf4 Rxh6 48. Kxg4 g5 49. Rxa6 Rh4+ 50. Kg3 Rc4 51. Ra8 Kf5 52. Rf8+ Ke5
53. Rg8 Rc3+ 54. Kg4 Ra3 55. Rxg5+ Kd4 56. Rg8 e5 57. Rd8+ Ke3 58. Re8 e4 59.
Kg3 Rxa2 60. Rb8 Ke2 61. Kg2 e3 62. Rb7 Ra8 63. Rb2+ Kd3 64. Rb7 Rg8+ 65. Kf3
Rf8+ 66. Kg2 e2 67. Rd7+ Kc2 68. Rc7+ Kd2 69. Rd7+ Ke1 70. Ra7 Rf2+ 71. Kg1 Rf1+ 0-1

[Event "Asian Nations Cup 2016"]
[Site "Abu Dhabi UAE"]
[Date "2016.03.29"]
[Round "2.4"]
[White "Nguyen, Anh Khoi"]
[Black "Abdulwahhab, Ahmed Abdulsattar A"]
[Result "1-0"]
[WhiteTitle "FM"]
[BlackTitle "FM"]
[WhiteElo "2412"]
[BlackElo "2279"]
[WhiteTeam "Vietnam"]
[BlackTeam "Iraq"]
[WhiteFideId "12404675"]
[BlackFideId "4801849"]
[EventDate "2016.03.28"]
[EventType "team"]

1. d4 d5 2. c4 c6 3. Nf3 Nf6 4. Nc3 a6 5. e3 Bf5 6. Qb3 b5 7. c5 Nbd7 8. a4 e5
9. Qa3 exd4 10. exd4 b4 11. Qxb4 Rb8 12. Qa3 a5 13. Be2 Rb4 14. Na2 Rb7 15. O-O
Qb8 16. Qc3 Qc7 17. b4 axb4 18. Nxb4 Ne4 19. Qa3 Be7 20. a5 O-O 21. Be3 Ra8 22.
a6 Rba7 23. Rfc1 Nb8 24. Qa5 Qc8 25. Ra3 Bd8 26. Qa4 Bc7 27. Nd2 h6 28. Nxe4
Bxe4 29. Bf1 Qe6 30. f3 Bf5 31. Bf2 Qf6 32. Re1 Bd7 33. Rae3 g6 34. Qa2 Kg7 35.
Qb2 h5 36. Re7 h4 37. Qd2 Bd8 38. R7e5 Ba5 39. Be3 Qd8 40. Bg5 Bxb4 41. Qf4 Qxg5
42. Qxg5 Bxe1 43. Rxe1 Nxa6 44. Re7 Nb4 45. Qe5+ Kg8 46. Qf4 Rf8 47. Qxh4 Nc2
48. Bd3 Ra1+ 49. Kf2 Bf5 50. Bxf5 gxf5 51. Qg5+ Kh8 52. Qxf5 Ra2 53. Re2 1-0

[Event "Asian Nations Cup 2016"]
[Site "Abu Dhabi UAE"]
[Date "2016.03.29"]
[Round "2.1"]
[White "Eid, Fadi"]
[Black "Abdyjapar, Asyl"]
[Result "0-1"]
[WhiteTitle "IM"]
[BlackTitle "IM"]
[WhiteElo "2352"]
[BlackElo "2385"]
[WhiteTeam "Lebanon"]
[BlackTeam "Kyrgyzstan"]
[WhiteFideId "5300118"]
[BlackFideId "13800337"]
[EventDate "2016.03.28"]
[EventType "team"]

1. a3 e5 2. d4 exd4 3. Nf3 Nf6 4. Qxd4 c5 5. Qa4 Nc6 6. Nc3 d5 7. Bg5 d4 8. Ne4
Be7 9. Bxf6 gxf6 10. c3 f5 11. Ned2 O-O 12. cxd4 cxd4 13. g3 Bf6 14. Bg2 Re8 15.
O-O Rxe2 16. b4 d3 17. Rad1 Be6 18. Nb3 a5 19. Nc1 axb4 20. Qb5 Rc2 21. Nxd3 Qc8
22. Nxb4 Bc4 23. Qb6 Rb2 24. Qe3 Nxb4 25. axb4 Bxf1 26. Bxf1 Qc3 27. Rd3 Qxb4
28. Nd4 Qb6 29. Nxf5 Qxe3 30. Rxe3 b5 31. Rf3 Rd8 32. h4 h5 33. Kg2 Rdd2 34. Kg1
Bd8 35. Re3 Bb6 36. Re8+ Kh7 37. Bg2 Rxf2 38. Kh1 Rxg2 0-1

[Event "Asian Nations Cup 2016"]
[Site "Abu Dhabi UAE"]
[Date "2016.03.29"]
[Round "2.2"]
[White "Tologontegin, Semetey"]
[Black "El Jawich, Amro"]
[Result "1-0"]
[WhiteTitle "IM"]
[BlackTitle "FM"]
[WhiteElo "2370"]
[BlackElo "2241"]
[WhiteTeam "Kyrgyzstan"]
[BlackTeam "Lebanon"]
[WhiteFideId "13800574"]
[BlackFideId "5300380"]
[EventDate "2016.03.28"]
[EventType "team"]

1. g3 g6 2. Bg2 Bg7 3. e4 c5 4. f4 d6 5. Nf3 Nc6 6. O-O Nf6 7. Nc3 Bg4 8. h3
Bxf3 9. Qxf3 Nd4 10. Qd1 O-O 11. d3 Rb8 12. a4 a6 13. Ne2 Nd7 14. c3 Nxe2+ 15.
Qxe2 b5 16. axb5 axb5 17. Ra7 b4 18. Bd2 bxc3 19. Bxc3 Bd4+ 20. Kh2 e5 21. Qg4
Nf6 22. Qf3 Bxc3 23. bxc3 Nd7 24. h4 Rb2 25. Kh1 exf4 26. Qxf4 Ne5 27. d4 Nd3
28. Qf3 c4 29. Bh3 Qb8 30. Rxf7 Nf2+ 31. Rxf2 Rxf2 32. Qxf2 Qb1+ 33. Kh2 1-0

[Event "Asian Nations Cup 2016"]
[Site "Abu Dhabi UAE"]
[Date "2016.03.29"]
[Round "2.3"]
[White "Asmar, Elie"]
[Black "Taalaibekov, Tagir"]
[Result "0-1"]
[WhiteElo "2051"]
[BlackElo "2150"]
[WhiteTeam "Lebanon"]
[BlackTeam "Kyrgyzstan"]
[WhiteFideId "5301432"]
[BlackFideId "13801163"]
[EventDate "2016.03.28"]
[EventType "team"]

1. b3 e5 2. Bb2 Nc6 3. e3 d5 4. Bb5 Bd6 5. f4 Qe7 6. Nf3 f6 7. Nc3 Be6 8. fxe5
fxe5 9. e4 O-O-O 10. Bxc6 bxc6 11. Qe2 d4 12. Qa6+ Kd7 13. Ne2 Nf6 14. O-O-O
Nxe4 15. Rde1 Nc5 16. Qa5 Rb8 17. d3 Rb5 18. Qd2 Rf8 19. Kb1 Qf7 20. Rhf1 Qg8
21. Nc1 Nb7 22. Qe2 Rd5 23. Ng5 h6 24. Ne4 Be7 25. Rxf8 Qxf8 26. Rf1 Qe8 27. Qf3
Nd6 28. Nxd6 cxd6 29. Ne2 Rb5 30. Ng3 Qg6 31. Qh5 Qh7 32. Bc1 e4 33. Qe2 exd3
34. Qxd3 Qxd3 35. cxd3 a5 36. Kc2 a4 37. bxa4 Ra5 38. Bb2 Rxa4 39. a3 Bf6 40.
Ne4 Be5 41. h3 Ra8 42. g4 c5 43. Bc1 Kc6 44. Bb2 Rb8 45. Nd2 c4 46. Bc1 c3 47.
Nc4 Bxc4 48. dxc4 Kc5 49. Kd3 Rb1 0-1

[Event "Asian Nations Cup 2016"]
[Site "Abu Dhabi UAE"]
[Date "2016.03.29"]
[Round "2.4"]
[White "Kenenbaev, Aidar"]
[Black "Maasarani, Mahmoud"]
[Result "1/2-1/2"]
[WhiteElo "2042"]
[BlackElo "2052"]
[WhiteTeam "Kyrgyzstan"]
[BlackTeam "Lebanon"]
[WhiteFideId "13801180"]
[BlackFideId "5300681"]
[EventDate "2016.03.28"]
[EventType "team"]

1. Nf3 Nf6 2. g3 g6 3. Bg2 Bg7 4. O-O O-O 5. d3 d5 6. Nbd2 Nbd7 7. e4 dxe4 8.
dxe4 Ng4 9. Qe2 c6 10. Rd1 Qc7 1/2-1/2

[Event "Asian Nations Cup 2016"]
[Site "Abu Dhabi UAE"]
[Date "2016.03.29"]
[Round "2.1"]
[White "AlShourfaa, Hazaa"]
[Black "Aboudi, Marwan"]
[Result "0-1"]
[WhiteElo "1808"]
[BlackElo "2166"]
[WhiteTeam "Kuwait"]
[BlackTeam "Jordan"]
[WhiteFideId "10300198"]
[BlackFideId "8100160"]
[EventDate "2016.03.28"]
[EventType "team"]

1. e4 c5 2. Nc3 Nc6 3. g3 g6 4. Bg2 Bg7 5. d3 Rb8 6. Be3 d6 7. a3 b5 8. Rb1 a5
9. f4 b4 10. axb4 axb4 11. Nce2 Bd7 12. b3 Nf6 13. h3 O-O 14. Nf3 h5 15. O-O Qc8
16. Kh2 e5 17. fxe5 Nxe5 18. Nxe5 dxe5 19. Qe1 Be6 20. Ng1 Nd7 21. Nf3 f6 22.
Nd2 Ra8 23. Nc4 Ra2 24. Nb2 Qc6 25. Qd2 Nb6 26. Rf3 Rc8 27. Qf2 Bf7 28. g4 hxg4
29. hxg4 Be6 30. g5 fxg5 31. Bxg5 Qd6 32. Nc4 Nxc4 33. dxc4 Qd4 34. Qxd4 exd4
35. Rf2 Be5+ 36. Kg1 d3 37. Rc1 0-1

[Event "Asian Nations Cup 2016"]
[Site "Abu Dhabi UAE"]
[Date "2016.03.29"]
[Round "2.2"]
[White "Abo-Hazeem, Mohanned"]
[Black "Al Azmi, Khalaf"]
[Result "1-0"]
[WhiteElo "2045"]
[BlackElo "1842"]
[WhiteTeam "Jordan"]
[BlackTeam "Kuwait"]
[WhiteFideId "8101159"]
[BlackFideId "10300040"]
[EventDate "2016.03.28"]
[EventType "team"]

1. d4 Nf6 2. Nf3 e6 3. c4 d5 4. Nc3 c5 5. e3 Be7 6. Bd3 Nc6 7. O-O O-O 8. b3 Nb4
9. Bb1 dxc4 10. bxc4 b6 11. a3 Nc6 12. d5 Na5 13. e4 e5 14. Bd3 Bg4 15. Rb1 Ne8
16. h3 Bxf3 17. Qxf3 Nd6 18. Qe2 Qd7 19. Bd2 Rae8 20. Nd1 f5 21. exf5 e4 22.
Bxe4 Nxe4 23. Qxe4 Bg5 24. Qd3 Bxd2 25. Qxd2 Nxc4 26. Qd3 Qxf5 27. Rb3 Qxd3 28.
Rxd3 Re2 29. Ne3 Nd2 30. Rd1 Rfxf2 31. d6 c4 32. d7 Rf8 33. d8=Q Rxd8 34. Rxd8+
Kf7 35. R8xd2 Rxe3 36. Rc1 b5 37. Rd7+ Re7 38. Rxe7+ Kxe7 39. Kf2 Kd6 40. Ke3
Kc5 41. Rf1 a5 42. Rf5+ Kc6 43. Kd4 a4 44. Rf7 b4 45. axb4 Kb5 46. Kc3 Kb6 47.
Kxc4 1-0

[Event "Asian Nations Cup 2016"]
[Site "Abu Dhabi UAE"]
[Date "2016.03.29"]
[Round "2.3"]
[White "Al-Hajiri, Bader"]
[Black "Boshra, Alshaeby"]
[Result "0-1"]
[WhiteTitle "CM"]
[BlackTitle "WFM"]
[WhiteElo "2194"]
[BlackElo "2021"]
[WhiteTeam "Kuwait"]
[BlackTeam "Jordan"]
[WhiteFideId "10300163"]
[BlackFideId "8102937"]
[EventDate "2016.03.28"]
[EventType "team"]

1. e4 g6 2. d4 Bg7 3. Nc3 d6 4. f4 Nf6 5. Nf3 O-O 6. Bd3 Na6 7. O-O c5 8. Bxa6
cxd4 9. Nxd4 bxa6 10. h3 Bb7 11. Qd3 Nd7 12. Kh2 Nc5 13. Qe3 e5 14. fxe5 Bxe5+
15. Kh1 a5 16. Nb3 Ne6 17. a4 Ba6 18. Rf2 Qh4 19. Nd5 Bc4 20. Rd2 f5 21. Qg1
fxe4 22. Rd1 Rf3 23. Nf4 Nxf4 24. Nd2 Nxh3 0-1